000
00195 a2200097 4500
020
_a
9780673758644
041
_a
spa
100
_a
Robinson, Fay
245
_a
Si tuviera un dinosaurio
942
_c
BK
999
_c
31928
_d
31926